Cities by Most Popular Roads in the US - Statistics

General Stats
  • This quiz has been taken 713 times
  • The average score is 11 of 20
Answer Stats
Hint Answer % Correct
Wall Street New York
91%
Broadway New York
77%
Sunset Boulevard Los Angeles
74%
The Strip Las Vegas
73%
Fifth Avenue New York
70%
Pennsylvania Avenue Washington D.C.
68%
Bourbon Street New Orleans
65%
Peachtree Street Atlanta
60%
Park Avenue New York
55%
Rodeo Drive Los Angeles
48%
Madison Avenue New York
47%
8 Mile Road Detroit
46%
Lombard Street San Francisco
45%
Magnificent Mile Chicago
41%
Ocean Drive Miami
41%
Mulholland Drive Los Angeles
40%
Newbury Street Boston
39%
Beale Street Memphis
30%
Wacker Drive Chicago
27%
Colfax Avenue Denver
20%
No matching quizzes found
Score Distribution
Percent of People with Each Score
Percentile by Number Answered
Your Score History
You have not taken this quiz